00450 2200157 4500001002100000005001500021035002000036008004100056082001700097084002500114100001800139245005400157260003000211300002600241650002500267INLIS00000000001140320260416085945 a0010-1024000007260416 0  a959.85984762 aR 959.85984762 AND r0 aAndi Muh. Ali1 aRumpa'na Bone : Perang Bone 1905 /cAndi Muh. Ali aWatampone :bDamai,c1984 aiv + 50 hlm. ;c33 cm 4aKoleksi Muatan Lokal